000 00655nam a2200241Ia 4500
999 _c4473
_d4473
003 0100
008 130227s9999 xx 000 0 und d
020 _a9781844650965
040 _cARRUPELIB
050 _aB823.D847 2007
100 _aDudley, Will
_934006
245 _aUnderstanding German idealism
260 _bAcumen
_aStocksfield, UK
_c2007
300 _ax
300 _b 214p 22cm
440 _aUnderstanding movements in modern thought
_95557
650 _aIdealism
_xPhilosophy
_934007
650 _aGerman
_xHistory
_y19th century
_934008
942 _2lcc
_cMONOGRAPH